LEADER 01367nam a2200289 4500 001 000000364928 003 CaOOAMICUS 005 20251031114337.0 008 251031s2025 it a 000 u ita r 020 $a978-88-514-3032-0 040 $aSeMil$bita 245 00$aDiventare preti oggi :$bla formazione iniziale /$cSantiago Guijarro Oporto, Francesco Scanziani (edd.) 264 1$aMilano :$bÀncora,$c2025. 300 $a187 p. :$bill. ;$c21 cm 490 1 $aDossier teologici del Seminario di Milano 650 4$aSacerdozio - Concezione cattolica.$0(OLS)http://semarc/subject/55780 650 4$aSacerdoti - Formazione.$0(OLS)http://semarc/subject/12198 700 1 $aGuijarro Oporto, Santiago,$d<1957- >.$0(OLS)http://semarc/name/76288 700 1 $aScanziani, Francesco,$d<1968- >.$0(OLS)http://semarc/name/14233 830 0$aDossier teologici del Seminario di Milano.$0(OLS)http://semarc/title/26539 850 $aSeMil 852 $aSeMil$W1$xVenegono$y1$m2KA X 17$j264078$B255765$CSeMilBibl$Z2$F255765 $81 961 $aIn omaggio per recensione su La scuola cattolica 996 $6020$a978-88-514-3032-0$9(OLS)http://semarc/number/304462 996 $6245$aDiventare preti oggi :$bla formazione iniziale$9(OLS)http://semarc/title/456436 996 $6264$aMilano :$bÀncora$9(OLS)http://semarc/publisher/29763 LEADER 01014nam a2200229 i 4500 001 000000065763 003 CaOOAMICUS 005 20101019000000.0 008 101019s1974 it u000 u ita u 013 $a36935 040 $aSeMil$bita 245 10$aAmore supernae caritatis inclusa :$bla Serva di Dio Itala Mela /$ca cura di D. Dino Ricchetti. 260 $aParma :$bTipolitografia Benedettina,$c1974. 300 $a270 p., [4] c. di tav. ;$c24 cm. 600 14$aMela, Itala .$0(OLS)http://semarc/subject/12819 650 4$aSanti - Canonizzazione.$0(OLS)http://semarc/subject/1571 700 1 $aRicchetti, Dino.$0(OLS)http://semarc/name/26567 850 $aSeMil 852 $aSeMil$W1$xVenegono$y1$m3J IV 308$j31916$B31916$CSeMilBibl$Z2$F31919 $81 961 $aOmaggio: Aceti don Guido 996 $6245$aAmore supernae caritatis inclusa :$bla Serva di Dio Itala Mela$9(OLS)http://semarc/title/104436 996 $6260$aParma :$bTipolitografia Benedettina$9(OLS)http://semarc/publisher/33819